Los mitos actuales (Record no. 109538)

MARC details
000 -LEADER
campo de control de longitud fija 00613nam a2200157 4500
001 - NÚMERO DE CONTROL
campo de control 109538
003 - IDENTIFICADOR DE NÚMERO DE CONTROL
campo de control ES-MaACL
005 - FECHA Y HORA DE LA ÚLTIMA TRANSACCIÓN
campo de control 20230906184848.0
007 - CAMPO FIJO DE DESCRIPCIÓN FÍSICA--INFORMACIÓN GENERAL
campo de control de longitud fija t|
008 - DATOS DE LONGITUD FIJA--INFORMACIÓN GENERAL
campo de control de longitud fija 061121s1969 sp r ||||1| spa d
111 2# - ENTRADA PRINCIPAL--NOMBRE DE CONGRESO/REUNIÓN
Nombre de congreso/reunión o jurisdicción como elemento de entrada Reunión de Amigos de la Ciudad Católica (
Número del congreso/reunión o número de parte o sección 7ª.
Fecha del congreso o de la firma del tratado 1968.
Sede del congreso/Lugar de la reunión Barcelona)
9 (RLIN) 947
245 14 - MENCIÓN DEL TÍTULO
Título Los mitos actuales
Resto del título : (actas de la VII Reunión de Amigos de la Ciudad Católica, celebrada en Barcelona en el Instituto filosófico La Balmesiana los días 1, 2 y 3 de noviembre de 1968).
260 ## - PUBLICACIÓN, DISTRIBUCIÓN, ETC.
Lugar de publicación, distribución, etc. Madrid :
Nombre del editor, distribuidor, etc. Speiro,
Fecha de publicación, distribución, etc. 1969.
300 ## - DESCRIPCIÓN FÍSICA
Extensión 339 p. ;
Dimensiones 21 cm.
852 ## - LOCALIZACIÓN
Ubicación ES-MaACL
Número de control de estantería C-46952
Sublocalización o colección R.72465
Holdings
Estatus retirado Estado de pérdida Estado de daño No para préstamo Biblioteca de origen Biblioteca actual Ubicación en estantería Fecha de adquisición Fuente de adquisición Total de préstamos Signatura topográfica completa Código de barras Visto por última vez Precio de reemplazo Tipo de ítem Koha
        Biblioteca del Ateneo de Madrid Biblioteca del Ateneo de Madrid Depósito 2 17/01/2008     C-46952 1114290 23/02/2023 23/02/2023 Libro impreso